Η τουριστική αναπτυξιακή πολιτική του νησιού της Λέσβου και οι τουριστικές της υποδομές σήμερα : διπλωματική εργασία [μεταπτυχιακή]

Αποθηκεύτηκε σε:
Λεπτομέρειες βιβλιογραφικής εγγραφής
Κύριος συγγραφέας: Βωβού, Χαρίκλεια
Συγγραφή απο Οργανισμό/Αρχή: Πανεπιστήμιο Αιγαίου Σχολή Κοινωνικών Επιστημών Τμήμα Κοινωνιολογίας Μεταπτυχιακό Πρόγραμμα Σπουδών Έρευνα για την Τοπική Κοινωνική Ανάπτυξη και Συνοχή
Άλλοι συγγραφείς: Ναγόπουλος, Νίκος (Εισηγητής διατριβής)
Μορφή: Thesis Βιβλίο
Γλώσσα:Greek
Δημοσίευση: 2014
Θέματα:
Διαθέσιμο Online:http://hdl.handle.net/11610/11949
Ετικέτες: Προσθήκη ετικέτας
Δεν υπάρχουν, Καταχωρήστε ετικέτα πρώτοι!

MARC

LEADER 00000cam a2200000 i 4500
001 1/68321
008 150303s2014 gre d
035 |l 10121333 
040 |a GR-MY-UA  |b gre  |e aacr 
041 0 |a gre 
082 0 |a 338.4791  |2 (22) 
100 1 |a Βωβού, Χαρίκλεια. 
245 1 2 |a Η τουριστική αναπτυξιακή πολιτική του νησιού της Λέσβου και οι τουριστικές της υποδομές σήμερα :  |b διπλωματική εργασία [μεταπτυχιακή] /  |c Βωβού Χαρίκλεια ; επιβλέπων καθηγητής: Νικόλαος Ναγόπουλος 
260 |c 2014 
300 |a [χ.αρ.];  |c 30 εκ. 
500 |a Περιλαμβάνει βιβλιογραφία 
502 |a Διατριβή (μεταπτυχιακή) – Πανεπιστήμιο Αιγαίου, Λέσβος, 2014. 
650 0 0 |a Tourism  |z Greece  |z Lesbos Island. 
650 0 0 |a Dissertations, Academic  |z Greece. 
700 1 |4 ths  |a Ναγόπουλος, Νίκος. 
710 2 |a Πανεπιστήμιο Αιγαίου  |b Σχολή Κοινωνικών Επιστημών  |b Τμήμα Κοινωνιολογίας  |b Μεταπτυχιακό Πρόγραμμα Σπουδών Έρευνα για την Τοπική Κοινωνική Ανάπτυξη και Συνοχή. 
852 |a INST  |b LESVOS  |c DIATR  |e 20150303  |h 277  |p 005100056461  |q 005100056461  |t MTXE  |y 23 
852 |a INST  |b LESVOS  |c DIATR  |e 20150303  |h 278  |p 005100056462  |q 005100056462  |t MTXE  |y 23 
856 |u http://hdl.handle.net/11610/11949 
901 |a BIBL1-2015-1 
909 |a Λ  |b 192926 
909 |a Λ  |b 192927 
924 |a ΒΩΒΟΥ  |b ΧΑΡΙΚΛΕΙΑ  |y ΛΕΣΒΟΣ  |z 2014-09 
970 |a ΤΖΑΦΕΡΗ  |b ΕΥΑΓΓΕΛΙΑ  |z 2015/03/03